000 01135nam a22002777a 4500
005 20170809165336.0
010 _a1617EN ENG-117001
020 _a9780198089131
_c825.00
035 _aB-651645-651
035 _aB-669810
035 _aEN-100533
037 _adpl
_bPragati
037 _bDBAD/PUB
082 _a621.3815
100 _aSedra Adel S.
245 _aMicroelectronics circuits :
_c by Adera S. Sedra [and] Kenneth C. Smith
_btheory and applications/
250 _a6th ed.
260 _aNew Delhi
_bOxford University Press
_c2015
270 _aYMCA Building Jai Singh Road
_bNew Delhi
_e110001
300 x _axxiv.1384p :
_c26cm. (Pbk)
_bill
_eCD-ROMs
500 _aIncludes index
700 _aSmith,Kenneth C.
942 _2ddc
_cEN
_h621.3815
_mSED
999 _c101812
_d101812